The Kerala panchayats (amendment) act, 1962 (Record no. 493549)

000 -LEADER
fixed length control field 00339cam a22001217a 4500
008 - FIXED-LENGTH DATA ELEMENTS--GENERAL INFORMATION
fixed length control field 180718b1962 xxu||||| |||| 00| 0 eng d
082 ## - DEWEY DECIMAL CLASSIFICATION NUMBER
Classification number B71103x5433 K45/62
100 ## - MAIN ENTRY--PERSONAL NAME
Personal name Kerala. Law Department
245 ## - TITLE STATEMENT
Title The Kerala panchayats (amendment) act, 1962
260 ## - PUBLICATION, DISTRIBUTION, ETC.
Place of publication, distribution, etc. Trivandrum
Name of publisher, distributor, etc. The author
Date of publication, distribution, etc. 1962
300 ## - PHYSICAL DESCRIPTION
Extent 2p.
500 ## - GENERAL NOTE
General note Act 19 of 1962
Holdings
Withdrawn status Lost status Damaged status Not for loan Permanent Location Current Location Date acquired Full call number Barcode Date last seen Price effective from Koha item type
        Indian Institute of Public Administration Indian Institute of Public Administration 2018-08-04 B71103x5433 K45/62 G2570 2018-08-04 2018-08-04 G

Powered by Koha